Fundamentals of polymers /
Guardado en:
| Autor Principal: | |
|---|---|
| Otros Autores: | |
| Formato: | Libro |
| Idioma: | English |
| Publicado: |
New York :
McGraw-Hill,
c1998.
|
| Materias: | |
| Etiquetas: |
Agregar Etiqueta
Sin Etiquetas, Sea el primero en etiquetar este registro!
|
| LEADER | 00716cam a22002175a 4500 | ||
|---|---|---|---|
| 001 | EIQ.libpla003682 | ||
| 008 | 970220s1998####nyua#####b####001#0#eng#d | ||
| 005 | 20080227175904.0 | ||
| 245 | 1 | 0 | |a Fundamentals of polymers / |c Anil Kumar, Rakesh K. Gupta. |
| 260 | |a New York : |b McGraw-Hill, |c c1998. | ||
| 300 | |a xiv, 544 p. : |b il. ; |c 24 cm. | ||
| 504 | |a Incluye referencias bibliográficas e índice. | ||
| 020 | |a 0070252246 | ||
| 100 | 1 | |a Kumar, Anil, |d 23 Sept. 1946- | |
| 700 | 1 | |a Gupta, Rakesh K. |q (Rakesh Kumar), |d 1954- | |
| 082 | 0 | 0 | |a 668.9 |2 21 |
| 650 | 4 | |a Polímeros |x Teoría. | |
| 650 | 4 | |a Polymers |x Theory. | |
| 010 | |a 97006035 | ||
| 040 | |a DLC |c DLC |d AR-BbSID | ||
| 859 | |a AR-BbSID |b BIB. PLAPIQUI |h 668.9 |i K 96 |p 5142 | ||
